000
00311nam a2200109Ia 4500
001
1268609
005
20260417145253.0
008
260417s9999 xx 000 0 und d
020
_a
9786256698185
245
0
_a
Dear Prophet Muhammad – A Letter To The Beloved
_c
Jenny Molendyk Divleli
260
_b
Ketebe Çocuk
999
_c
1268609
_d
1268609